000 00456nam a2200145 i 4500
001 150386
003 ES-MaACL
007 t|
008 071030s1967 mx ||||1| spa d
100 1 _aValades, José C.
_9112444
245 1 0 _aHistoria del pueblo de México
_b: desde sus orígenes hasta nuestro días /
_cJosé C. Valades.
260 _aMéxico :
_bEd. Mexicanos Unidos,
_c1967.
300 _a3 v. ;
_c24 cm.
852 _aES-MaACL
_jE-9720-22
_bR.94010
999 _c150386
_d150386